Statistics for National Capitals by Letter - S

Click here to take the quiz!

General Stats

  • This quiz has been taken 262 times
    (241 since last reset)
  • The average score is 13 of 19

Answer Stats

Answer% Correct
Stockholm
93%
Santiago
88%
San Marino
85%
Singapore
81%
San Jose
80%
Santo Domingo
78%
Sarajevo
76%
San Salvador
75%
Seoul
74%
Saint George's
73%
Sana'a
72%
Suva
68%
Saint John's
66%
Sao Tome
65%
Skopje
65%
Sofia
63%
Sucre
58%
Sri Jayawardenapura Kotte
53%
South Tarawa
35%

Score Distribution

Percentile by Number Answered

Percent of People with Each Score

Your Score History

You have not taken this quiz since the last reset